Представление документа в формате RUSMARC

ПолеНазваниеЗначение
  Тип записи a
  Библиографический уровень m
001 Контрольный номер UONB/MAIN/93926f0a48564f5f999fd7aeba5d667f
005 Дата корректировки 20260429170755.8
010 Индекс ISBN __
d Цена 50 к.
9 Тираж 150000 экз.
100 Данные общей обработки __
a Данные общей обработки 20260429d1986 u y0rusy0189## ca
101 Язык документа 0_
a Язык текста rus
102 Страна публикации __
a Страна публикации RU
105 Кодированные данные (монография) __
a Кодированные данные (монография) y z 000zy
200 Заглавие и сведения об ответственности 1_
a Заглавие Америка восьмидесятых: пять лет и пять минут
f Первые сведения об ответственности М. Стуруа
g Последующие сведения об ответственности ответственный редактор Г. Дейниченко
e Сведения, относящиеся к заглавию памфлеты
203 Вид содержания и тип средства __
a Вид содержания Текст
b Характеристика содержания визуальный
c Тип средства непосредственный
210 Выходные данные 1_
a Место издания Москва
c Издательство Известия
d Дата издания 1986
215 Физическое описание __
a Объем 240 с.
d Формат 20 см
607 Географические рубрики __
a Географическое наименование США
z Хронологический подзаголовок 20 в.
610 Ключевые слова 0_
a Ключевые слова США; памфлеты
675 Индекс УДК __
a Индекс УДК 32И(7)(США)
686 Индексы других классификаций __
a Классификационный индекс 66.2(7США)
2 Код системы rubbk
700 Автор _1
a Фамилия Стуруа
b Имя (инициалы) М. Г.
4 Код отношения 070
g Полное личное имя Мэлор Георгиевич
702 Вторичная интеллектуальная ответственность _1
a Фамилия Дейниченко
b Имя (инициалы) Г.
4 Код отношения 340
801 Источник записи _0
a Страна RU
b Организация Ульяновская ОНБ
c Дата составления 20260429
g Правила каталогизации RCR
801 Источник записи _1
a Страна RU
b Организация Ульяновская ОНБ
c Дата составления 20260429
g Правила каталогизации RCR
901 Тип документа __
t Тип документа m
909 Создатель записи __
a Создатель записи Шпак
b Дата создания записи 20260429